00503nam a2200169Ia 450000500170000000800410001702000150005808200130007324500210008626000380010730000130014550000260015870000300018494200060021495200980022099900150031820250430011626.0240331s9999 xx 000 0 und d a9558503002 bPOOa891 0aPoolan Devi - 3 aPoogodabGimanee Publishersc2001 a132 p ., aA Book of Poolan Devi aLeelaratana , Upaalieedt cL 001040708LaWERCLbWERCLcSSCd2024-03-31l0o 891.48 POOp4353r2024-03-31w2024-03-31yL c4883d4883